La conciencia política chilena durante la monarquía
Збережено в:
| Автор: | |
|---|---|
| Формат: | Книга |
| Мова: | Іспанська |
| Опубліковано: |
Santiago, Chile
Universidad de Chile
1958
|
| Предмети: | |
| Теги: |
Додати тег
Немає тегів, Будьте першим, хто поставить тег для цього запису!
|
MARC
| LEADER | 00000nam a2200000 a 4500 | ||
|---|---|---|---|
| 001 | UCS2207 | ||
| 003 | CL-VaPUC | ||
| 005 | 20220105175818.0 | ||
| 008 | 970523e19580000CL |||||||||||||||||spa|d | ||
| 999 | |c 260185 |d 260183 | ||
| 040 | |c Pontificia Universidad Católica de Valparaíso | ||
| 082 | 0 | 4 | |a 983.03 MEZ 1958 |2 21 |
| 100 | |a Meza Villalobos, Néstor |e autor |9 446537 | ||
| 245 | 1 | 3 | |a La conciencia política chilena durante la monarquía |
| 260 | |a Santiago, Chile |b Universidad de Chile |c 1958 | ||
| 300 | |a 322 páginas | ||
| 583 | |a last modification |c 19970523 00:00:00 |k Rodrigo Vera | ||
| 650 | 0 | |a Historia |x MONARQUIA |9 255047 | |
| 650 | 0 | |a Doctrinas políticas |z CHILE |9 255835 | |
| 852 | |a BIBCUR | ||
| 942 | |c BK |2 ddc | ||
| 945 | |d 19970523 00:00:00 |a paguirre | ||
| 952 | |0 0 |1 0 |2 ddc |4 0 |6 983_030000000000000_MEZ_1958 |7 0 |8 P |9 286070 |a BIBDER |b BIBDER |d 2019-11-19 |i 1859536 |o 983.03 MEZ 1958 |p 1859536 |r 2023-01-25 |t 1 |w 2019-11-19 |y BK |k DER | ||
| 952 | |0 0 |1 0 |2 ddc |4 0 |6 983_030000000000000_MEZ_1958 |7 0 |8 DER_HDC |9 286071 |a BIBDER |b BIBDER |d 2019-11-19 |i 1944088 |o 983.03 MEZ 1958 |p 1944088 |r 2023-01-25 |t 2 |w 2019-11-19 |x Ubicación 4to Piso |y BK |z Estos recursos deben solicitarse con anticipación |k DER | ||
| 952 | |0 0 |1 0 |2 ddc |4 0 |6 983_030000000000000_MEZ_1958 |7 0 |8 A |9 286072 |a BIBHIS |b BIBHIS |d 2019-11-19 |i 1255169 |o 983.03 MEZ 1958 |p 1255169 |r 2025-01-20 |t 3 |w 2019-11-19 |y BK |k HIS | ||
| 952 | |0 0 |1 0 |2 ddc |4 0 |6 983_030000000000000_MEZ_1958 |7 0 |8 A |9 286073 |a BIBHIS |b BIBHIS |d 2019-11-19 |i 1255177 |o 983.03 MEZ 1958 |p 1255177 |r 2025-01-20 |t 4 |w 2019-11-19 |y BK |k HIS | ||
| 952 | |0 0 |1 0 |2 ddc |4 0 |6 983_030000000000000_MEZ_1958 |7 0 |8 A |9 286074 |a BIBHIS |b BIBHIS |d 2019-11-19 |i 1255185 |o 983.03 MEZ 1958 |p 1255185 |r 2025-01-20 |t 5 |w 2019-11-19 |y BK |k HIS | ||
| 952 | |0 0 |1 0 |2 ddc |4 0 |6 983_030000000000000_MEZ_1958 |7 0 |8 A |9 286075 |a BIBHIS |b BIBHIS |d 2019-11-19 |i 444986K |o 983.03 MEZ 1958 |p 444986K |r 2025-01-20 |t 6 |w 2019-11-19 |y BK |k HIS | ||
| 952 | |0 0 |1 0 |2 ddc |4 0 |6 983_030000000000000_MEZ_1958 |7 0 |8 A |9 286076 |a BIBHIS |b BIBHIS |d 2019-11-19 |i 451064K |o 983.03 MEZ 1958 |p 451064K |r 2025-01-20 |t 7 |w 2019-11-19 |y BK |k HIS | ||